000
00234nam a2200097Ia 4500
005
20251222114416.0
008
251222s1900||||xx |||||||||||||| ||spa||
082
_a
DVD0010/M12/2005
245
0
_a
V de venganza :V for Vendetta
942
_c
DVD
999
_c
2228
_d
2228